000 00834nam a2200265Ia 4500
003 OSt
005 20220928124103.0
006 a|||||r|||| 00| 0
007 ta
008 220927b |||||||| |||| 00| 0 eng d
020 _c3630
024 _a109782
037 _b141, 27/10/2010, Pioneer Book Distributors
_cTextual
040 _aSDCL
_cSDCL
_beng
041 _2eng
_aeng
082 _aR4, Q0
100 _aCottingham John Ed.
_9463314
245 0 _aMind, methods and morality
_b Essays in honour of anthony kenny.
260 _aOxford
_bOxford University Press
_c2010
300 _axv,391p.
_ccm.
650 _aPhilosophy
700 _a Hacker Peter Ed.
_9463315
942 _hR4, Q0
_cTEXL
_2CC
999 _c776240
_d776240